000 01239nam a2200277 a 4500
001 38870
003 BD-RjUL
005 20211209052856.0
008 160425r20112010ii ||||e |||| 00| 0 ben d
020 _a9788177569483
_c: Tk.400.00
035 _a(BD-RjUL)38980
040 _aBD-RjUL
_bben
_cBD-RjUL
041 _aben
082 _223
_a303.6012
_bSEP 2011
100 _aসেন, অমর্ত্য
_9119883
245 1 0 _aপরিচিতি ও হিংসা /
_cঅমর্ত্য সেন ; অনুবাদ ভাস্বতী চক্রবর্তী
250 _a১ম সং.
260 _aকলকাতা :
_bআনন্দ পাবলিশার্স লিমিটেড,
_c২০১০ [মুদ্রণ ২০১১]
300 _a[১৬], ২০৯ পৃ. ;
_c২৪ সেমি.
500 _aটীকা সংযুক্ত
500 _aনোবেল পুরস্কারে সম্মানিত
650 _aIdentity (Philosophical concept)
_9119704
650 _aপরিচয়পত্র ( দার্শনিক ধারণা )
_9119884
700 _aচক্রবর্তী, ভাস্বতী, অনুবাদক
_9119942
942 _2ddc
_cBK
999 _c38870
_d38870